[Event "IX Torneo Leonardo di Bona A"]
[Site "Cutro ITA"]
[Date "2003.04.23"]
[Round "1"]
[White "Abatino, Maurizio"]
[Black "Genov, Petar"]
[Result "0-1"]
[WhiteElo "2228"]
[BlackElo "2490"]
[PlyCount "74"]
[EventDate "2003.04.23"]

1. d4 Nf6 2. c4 e6 3. Nc3 Bb4 4. e3 b6 5. Nf3 Bb7 6. Bd3 Bxc3+ 7. bxc3 d6 8.
O-O Nbd7 9. Nd2 Qe7 10. Qe2 e5 11. e4 O-O-O 12. a4 a5 13. c5 dxc5 14. d5 Nb8
15. Nc4 Ne8 16. f4 Nd7 17. fxe5 Nxe5 18. Nxe5 Qxe5 19. Bf4 Qxc3 20. Ba6 Nd6 21.
Bxb7+ Kxb7 22. Rad1 Qc4 23. Qxc4 Nxc4 24. e5 Rhe8 25. Rfe1 Nb2 26. Rd2 Nxa4 27.
Re3 b5 28. Rg3 g6 29. Rh3 h5 30. g4 Nb6 31. gxh5 gxh5 32. d6 Nc4 33. Rd5 Kc6
34. Rhd3 cxd6 35. exd6 Re4 36. Bg3 h4 37. Bf2 Re5 0-1

[Event "IX Torneo Leonardo di Bona A"]
[Site "Cutro ITA"]
[Date "2003.04.23"]
[Round "1"]
[White "Aleksieva, Silvia"]
[Black "Stefanova, Antoaneta"]
[Result "0-1"]
[WhiteElo "2348"]
[BlackElo "2550"]
[PlyCount "180"]
[EventDate "2003.04.23"]

1. e4 e5 2. Nf3 Nc6 3. d4 exd4 4. Nxd4 Bb4+ 5. c3 Bc5 6. Be3 Bb6 7. Nxc6 bxc6
8. Bd4 Qg5 9. Nd2 Bxd4 10. cxd4 Rb8 11. Qc2 Nf6 12. e5 Nd5 13. Nf3 Nb4 14. Qb1
Qh6 15. Bc4 d5 16. exd6 cxd6 17. O-O O-O 18. a3 Na6 19. Re1 Nc7 20. b4 a5 21.
Qb3 Bg4 22. Re3 axb4 23. axb4 Bxf3 24. Rxf3 d5 25. Bf1 Qd2 26. Qc3 Qxc3 27.
Rxc3 Rxb4 28. Rxc6 Ne8 29. Ra8 Nf6 30. Rcc8 Nd7 31. g3 g6 32. Bh3 Rxc8 33.
Rxc8+ Nf8 34. Rd8 Rxd4 35. Kf1 Rd1+ 36. Ke2 Rh1 37. Bg2 Rxh2 38. Bxd5 Rh5 39.
Ke3 Re5+ 40. Kf3 Kg7 41. Bc4 Rc5 42. Ba2 h5 43. Rd5 Rc7 44. Ra5 Nh7 45. Kg2 Nf6
46. Bd5 g5 47. Ba2 g4 48. Bb1 Rb7 49. Bd3 Rd7 50. Bb1 Rd1 51. Ba2 Ne4 52. Bd5
Nd6 53. Bb3 Rb1 54. Rd5 Nc8 55. Bc2 Rb2 56. Be4 Kh6 57. Rd7 Re2 58. Bd3 Rd2 59.
Kf1 Kg5 60. Ke1 Nb6 61. Rd8 Ra2 62. Rg8+ Kf6 63. Rh8 Ra1+ 64. Kd2 Ra2+ 65. Ke1
Nd7 66. Rxh5 Ne5 67. Be2 Ra1+ 68. Kd2 Ke6 69. Rh8 f5 70. Rb8 Ra2+ 71. Ke3 Ra3+
72. Kd2 Ra4 73. Rb5 Nf7 74. Bd3 Nd6 75. Rc5 Ra8 76. Ke2 Kf6 77. Rd5 Ke6 78. Rc5
Ra4 79. Ke3 Rb4 80. Ke2 f4 81. gxf4 Rxf4 82. Rh5 Nf7 83. Ra5 Rb4 84. Rb5 Ra4
85. Rh5 Ne5 86. Rh8 Rd4 87. Bc2 Nf3 88. Bd3 Rb4 89. Rd8 Kf6 90. Rd5 90... Rb7
$138 0-1

[Event "IX Torneo Leonardo di Bona A"]
[Site "Cutro ITA"]
[Date "2003.04.23"]
[Round "1"]
[White "Blasco, Domenico"]
[Black "Ninov, Nikolai Ivanov"]
[Result "0-1"]
[WhiteElo "2053"]
[BlackElo "2454"]
[PlyCount "122"]
[EventDate "2003.04.23"]

1. Nf3 c5 2. g3 g6 3. Bg2 Bg7 4. O-O Nc6 5. d3 d6 6. e4 Nf6 7. Nbd2 O-O 8. a4
Qc7 9. Nc4 Bg4 10. Bg5 Nd7 11. Qd2 Bxf3 12. Bxf3 Nb6 13. Bh6 Nxc4 14. dxc4 Bxb2
15. Bxf8 Bxa1 16. Bxe7 Qxe7 17. Rxa1 Qf6 18. Ra3 Qb2 19. Rb3 Nd4 20. Rd3 Qa2
21. Bd1 Qxc4 22. c3 Nc6 23. Rxd6 Qxe4 24. Qd5 Qxd5 25. Rxd5 Rd8 26. Bf3 Rxd5
27. Bxd5 Nd8 28. Kf1 Kf8 29. Ke2 Ke7 30. Kd3 Kd6 31. Kc4 Nc6 32. Bg2 a6 33. f4
Na5+ 34. Kd3 b5 35. axb5 axb5 36. g4 c4+ 37. Ke4 f6 38. h4 Nb3 39. h5 Nc5+ 40.
Ke3 Ne6 41. hxg6 hxg6 42. Be4 g5 43. fxg5 fxg5 44. Bg6 Nf4 45. Be8 Kc5 46. Bf7
Nd5+ 47. Kd2 Nf6 48. Be6 Ne4+ 49. Kc2 Kd6 50. Bf5 Ke5 51. Bd7 Nd6 52. Kb2 Kf4
53. Ka3 Nf7 54. Kb4 Ne5 55. Bxb5 Kxg4 56. Bxc4 Nxc4 57. Kxc4 Kf3 58. Kb5 g4 59.
c4 g3 60. c5 g2 61. c6 g1=Q 0-1

[Event "IX Torneo Leonardo di Bona A"]
[Site "Cutro ITA"]
[Date "2003.04.23"]
[Round "1"]
[White "Bondielli, Giorgio"]
[Black "Ivanov, Jordan"]
[Result "1-0"]
[WhiteElo "2009"]
[BlackElo "2432"]
[PlyCount "73"]
[EventDate "2003.04.23"]

1. e4 c5 2. d4 cxd4 3. c3 Nf6 4. e5 Nd5 5. Bc4 Nb6 6. Bb3 d6 7. Qf3 e6 8. Bf4
dxe5 9. Bxe5 Nc6 10. Qg3 Nxe5 11. Qxe5 dxc3 12. Nxc3 Qd6 13. Qe2 Be7 14. Nf3
O-O 15. O-O Qf4 16. Rfd1 Bf6 17. Ne4 Bxb2 18. Qxb2 Qxe4 19. Rd4 Qf5 20. Re1 Qf6
21. Qd2 Nd5 22. Ne5 h6 23. h4 b6 24. Bc2 Bb7 25. Nd7 Qd8 26. Qd3 g6 27. Nxf8
Qxf8 28. h5 Nb4 29. Qd2 Nxc2 30. Qxc2 Rc8 31. Qd3 gxh5 32. Re3 Bd5 33. Rg3+ Kh8
34. Rh4 Qc5 35. Rxh5 Qc1+ 36. Kh2 Qf4 37. Qd4+ 1-0

[Event "IX Torneo Leonardo di Bona A"]
[Site "Cutro ITA"]
[Date "2003.04.23"]
[Round "1"]
[White "Calzetta Ruiz, Monica"]
[Black "Lazic, Miroljub"]
[Result "1-0"]
[WhiteElo "2253"]
[BlackElo "2508"]
[PlyCount "59"]
[EventDate "2003.04.23"]

1. e4 g6 2. d4 Bg7 3. Nc3 d6 4. Be3 a6 5. Qd2 b5 6. Nf3 Bb7 7. Bd3 Nd7 8. a4 b4
9. Ne2 c5 10. c3 cxd4 11. cxd4 Qa5 12. O-O Ngf6 13. Bh6 Bxh6 14. Qxh6 Bxe4 15.
Bxe4 Nxe4 16. Rfe1 Ndf6 17. Ng3 Qd5 18. Qe3 Rc8 19. Nxe4 Qxe4 20. Qxe4 Nxe4 21.
Rxe4 Rc2 22. Rae1 O-O 23. b3 Rb2 24. Rxe7 Rxb3 25. Ra7 Rc3 26. Rxa6 Rb8 27. a5
b3 28. Rb6 Rxb6 29. axb6 b2 30. Nd2 1-0

[Event "IX Torneo Leonardo di Bona A"]
[Site "Cutro ITA"]
[Date "2003.04.23"]
[Round "1"]
[White "Chatalbashev, Boris"]
[Black "Andonov, Bogomil"]
[Result "1-0"]
[WhiteElo "2525"]
[BlackElo "2290"]
[PlyCount "58"]
[EventDate "2003.04.23"]

1. d4 d5 2. c4 c6 3. e3 Bf5 4. Qb3 Qd7 5. Nf3 e6 6. Nc3 Nf6 7. Ne5 Qc7 8. f3 h6
9. cxd5 exd5 10. e4 Be6 11. exd5 Nxd5 12. Bc4 Nd7 13. Bxd5 cxd5 14. Bf4 Qb6 15.
Nxd7 Qxb3 16. Nf6+ Ke7 17. axb3 Kxf6 18. Kf2 Bb4 19. Nb5 a6 20. Nc7 Rac8 21.
Rac1 Ke7 22. Rc2 Bd6 23. Bxd6+ Kxd6 24. Rhc1 Bd7 25. Rc5 Bc6 26. Nxd5 Rce8 27.
Ne3 Bd7 28. Rd5+ Ke6 29. Rc7 Bc8 1-0

[Event "IX Torneo Leonardo di Bona A"]
[Site "Cutro ITA"]
[Date "2003.04.23"]
[Round "1"]
[White "Collas, Didier"]
[Black "Korneev, Oleg"]
[Result "1/2-1/2"]
[WhiteElo "2424"]
[BlackElo "2606"]
[PlyCount "71"]
[EventDate "2003.04.23"]

1. Nf3 d5 2. d4 Nf6 3. c4 e6 4. Nc3 c6 5. Bg5 dxc4 6. e4 b5 7. e5 h6 8. Bh4 g5
9. Nxg5 hxg5 10. Bxg5 Nbd7 11. g3 Rg8 12. h4 Rxg5 13. hxg5 Nd5 14. g6 fxg6 15.
Qg4 Qe7 16. Bg2 Kd8 17. Qxg6 Qb4 18. O-O N7b6 19. Ne4 Bd7 20. Ng5 Kc7 21. Nxe6+
Bxe6 22. Qxe6 Qxb2 23. a4 bxa4 24. Bxd5 Nxd5 25. Rxa4 Qxd4 26. Rfa1 a5 27. Rxa5
Qxa1+ 28. Rxa1 Rxa1+ 29. Kg2 c3 30. Qf5 Ra2 31. Qxf8 c2 32. Qc5 Ne3+ 33. Kf3
Ra1 34. Qd6+ Kb7 35. Qd7+ Kb8 36. Qd8+ 1/2-1/2

[Event "IX Torneo Leonardo di Bona A"]
[Site "Cutro ITA"]
[Date "2003.04.23"]
[Round "1"]
[White "Drasko, Milan"]
[Black "Georgieva, Liubka"]
[Result "1/2-1/2"]
[WhiteElo "2491"]
[BlackElo "2238"]
[PlyCount "116"]
[EventDate "2003.04.23"]

1. d4 Nf6 2. c4 g6 3. Nf3 Bg7 4. g3 O-O 5. Bg2 d6 6. O-O Nbd7 7. Qc2 e5 8. Rd1
Re8 9. e4 Qe7 10. Nc3 c6 11. b3 exd4 12. Nxd4 Nc5 13. f3 a5 14. Rb1 h6 15. a3
Bd7 16. b4 axb4 17. axb4 Ne6 18. Nde2 Ra6 19. Be3 Rc8 20. Qd2 c5 21. b5 Ra3 22.
Qxd6 Qxd6 23. Rxd6 Nd4 24. Bc1 Nxe2+ 25. Nxe2 Ra2 26. Bf1 Be6 27. Nf4 Ne8 28.
Rd2 Bd4+ 29. Kh1 Rca8 30. Nxe6 fxe6 31. Rxa2 Rxa2 32. Bxh6 Nd6 33. Bg5 Nf7 34.
f4 Nd6 35. Re1 Kf7 36. g4 Rc2 37. f5 Nxc4 38. Bxc4 Rxc4 39. fxg6+ Kxg6 40. h4
Rb4 41. Be7 Rxb5 42. Rc1 b6 43. h5+ Kh6 44. Rf1 c4 45. Kg2 Rb2+ 46. Kh3 c3 47.
Bf6 Rd2 48. Kh4 Bf2+ 49. Rxf2 Rxf2 50. Bxc3 Rh2+ 51. Kg3 Ra2 52. Kf4 b5 53. Bb4
Rf2+ 54. Ke5 Kg5 55. Kxe6 Rb2 56. Bc3 Rb3 57. Bg7 Re3 58. Bf8 Rxe4+ 1/2-1/2

[Event "IX Torneo Leonardo di Bona A"]
[Site "Cutro ITA"]
[Date "2003.04.23"]
[Round "1"]
[White "Georgiev, Vladimir"]
[Black "Mrdja, Milan"]
[Result "1-0"]
[WhiteElo "2552"]
[BlackElo "2353"]
[PlyCount "112"]
[EventDate "2003.04.23"]

1. d4 c5 2. d5 e6 3. e4 exd5 4. exd5 d6 5. Nc3 Nf6 6. Bb5+ Nbd7 7. a4 Be7 8.
Nf3 O-O 9. O-O Ne8 10. Re1 Nc7 11. Bf4 Nf6 12. h3 h6 13. Qd3 a6 14. Bc4 Re8 15.
a5 Bd7 16. Nd2 Bf8 17. Rxe8 Ncxe8 18. Bb3 Rb8 19. Nc4 Bb5 20. Qd2 Bxc4 21. Bxc4
Nd7 22. Nd1 Be7 23. Ra3 Bg5 24. Bxg5 Qxg5 25. f4 Qf6 26. Rg3 Kf8 27. Be2 Qd8
28. Re3 Ndf6 29. g4 Nc7 30. c4 Nd7 31. Kh2 Qf6 32. Kg3 g5 33. Rf3 Re8 34. Kf2
gxf4 35. Qxf4 Qxf4 36. Rxf4 Rb8 37. Rf5 Ne8 38. Rh5 b6 39. axb6 Rxb6 40. Rxh6
Kg7 41. g5 Ne5 42. Ne3 Rxb2 43. Nf5+ Kg8 44. Nxd6 Nxd6 45. Rxd6 Nxc4 46. Rxa6
Ne5 47. Ke3 Rb4 48. Ra8+ Kg7 49. Re8 Nd7 50. Ra8 Rb3+ 51. Kf4 Rb4+ 52. Kf5 Rb2
53. Bf3 Rf2 54. Ke4 Rd2 55. Ra7 Rd4+ 56. Ke3 Ne5 1-0

[Event "IX Torneo Leonardo di Bona A"]
[Site "Cutro ITA"]
[Date "2003.04.23"]
[Round "1"]
[White "Janev, Evgeni"]
[Black "Scerbo, Antonio"]
[Result "0-1"]
[WhiteElo "2456"]
[BlackElo "2092"]
[PlyCount "98"]
[EventDate "2003.04.23"]

1. e4 c5 2. Nf3 Nc6 3. Bb5 g6 4. Bxc6 dxc6 5. d3 Bg7 6. h3 e5 7. Nc3 Ne7 8. Be3
Qd6 9. Qd2 Be6 10. a3 b6 11. Bh6 O-O 12. Bxg7 Kxg7 13. Nd1 Rad8 14. Qc3 f6 15.
Ne3 b5 16. b4 cxb4 17. axb4 Rd7 18. g4 Rc7 19. g5 c5 20. gxf6+ Rxf6 21. Nxe5
cxb4 22. Qb2 Nc6 23. Nxc6 Qxc6 24. Qxb4 Rcf7 25. Qd4 Qc7 26. Ra6 Qf4 27. Nd1
Qf3 28. Rg1 Kg8 29. Rxa7 Bxh3 30. Rxf7 Rxf7 31. Rg3 Qh5 32. Nc3 Bg4 33. Rg1 Bf3
34. Qd8+ Kg7 35. Qg5 Qh2 36. Qg3 Qh5 37. Qg5 Qh2 38. d4 b4 39. Nb5 Bxe4 40.
Qe5+ Qxe5 41. dxe5 Bxc2 42. Rg4 b3 43. Rb4 Rb7 44. Kd2 h5 45. e6 Kf6 46. Kc3 g5
47. Kd4 h4 48. Ke3 h3 49. Kf3 Rh7 0-1

[Event "IX Torneo Leonardo di Bona A"]
[Site "Cutro ITA"]
[Date "2003.04.23"]
[Round "1"]
[White "Khenkin, Igor"]
[Black "Naumkin, Igor"]
[Result "1-0"]
[WhiteElo "2644"]
[BlackElo "2431"]
[PlyCount "51"]
[EventDate "2003.04.23"]

1. d4 e6 2. c4 Nf6 3. Nf3 b6 4. a3 Bb7 5. Nc3 d5 6. cxd5 exd5 7. Bg5 Be7 8.
Qa4+ c6 9. e3 O-O 10. Bd3 Nbd7 11. Rd1 c5 12. Ne5 Nxe5 13. dxe5 Nh5 14. Ba6
Bxa6 15. Rxd5 Qc8 16. Bxe7 Re8 17. Bd6 Bb7 18. O-O f6 19. f4 Bxd5 20. Nxd5 fxe5
21. fxe5 g6 22. Nc7 Ng7 23. Nxe8 Qxe8 24. Rf8+ Qxf8 25. Bxf8 Kxf8 26. Qd7 1-0

[Event "IX Torneo Leonardo di Bona A"]
[Site "Cutro ITA"]
[Date "2003.04.23"]
[Round "1"]
[White "Oratovsky, Michael"]
[Black "Estremera Panos, Sergio"]
[Result "1-0"]
[WhiteElo "2587"]
[BlackElo "2370"]
[PlyCount "85"]
[EventDate "2003.04.23"]

1. e4 e5 2. Nf3 Nc6 3. Bc4 Nf6 4. d3 Bc5 5. c3 a6 6. Nbd2 d6 7. Bb3 O-O 8. h3
Ba7 9. Nf1 d5 10. exd5 Nxd5 11. Ng3 Nf4 12. Bxf4 exf4 13. Ne2 Qf6 14. Qd2 Re8
15. d4 Bf5 16. Bc2 Re7 17. Bxf5 Qxf5 18. O-O g5 19. Rae1 Rae8 20. Nc1 h5 21.
Qd3 Qf6 22. Rxe7 Rxe7 23. h4 gxh4 24. Re1 Rxe1+ 25. Nxe1 Ne7 26. Qf3 c6 27.
Qxh5 Ng6 28. Nf3 Bb8 29. Nd3 Bd6 30. Nde5 Bxe5 31. dxe5 Qe6 32. a3 a5 33. Kh2
Kf8 34. Nxh4 Nxh4 35. Qh8+ Ke7 36. Qxh4+ Kd7 37. Qxf4 Kc7 38. g3 Kb8 39. Qd4
Kc8 40. c4 Qf5 41. Kg2 a4 42. Qf4 Qe6 43. g4 1-0

[Event "IX Torneo Leonardo di Bona A"]
[Site "Cutro ITA"]
[Date "2003.04.23"]
[Round "1"]
[White "Skembris, Spyridon"]
[Black "Gangemi, Salvatore"]
[Result "1-0"]
[WhiteElo "2448"]
[BlackElo "2049"]
[PlyCount "87"]
[EventDate "2003.04.23"]

1. d4 Nf6 2. Bg5 Ne4 3. h4 h6 4. Bf4 d5 5. f3 Nf6 6. Nc3 c6 7. Qd2 Qa5 8. g4 g6
9. Bh3 Nbd7 10. e3 Bg7 11. Nge2 b5 12. a4 Nb6 13. b3 bxa4 14. Nxa4 Qxd2+ 15.
Kxd2 Nfd7 16. Nxb6 Nxb6 17. Bc7 Bb7 18. Ra5 O-O 19. g5 e6 20. Rha1 Rfe8 21. Bd6
a6 22. Nf4 Rec8 23. Nd3 Nd7 24. f4 hxg5 25. hxg5 Kh7 26. Nc5 Nxc5 27. Bxc5 f6
28. Bf1 fxg5 29. fxg5 Bf8 30. Bxa6 Bxc5 31. Bxb7 Rxa5 32. Rxa5 Rc7 33. dxc5
Rxb7 34. Ra6 Rc7 35. Kd3 e5 36. e4 d4 37. Ra8 Re7 38. Rc8 Re6 39. c3 dxc3 40.
Kxc3 Kg7 41. Kb4 Kf7 42. Ka5 Re7 43. Rxc6 Rd7 44. Rf6+ 1-0

[Event "IX Torneo Leonardo di Bona A"]
[Site "Cutro ITA"]
[Date "2003.04.23"]
[Round "1"]
[White "Trabert, Bettina"]
[Black "Miladinovic, Igor"]
[Result "0-1"]
[WhiteElo "2292"]
[BlackElo "2533"]
[PlyCount "84"]
[EventDate "2003.04.23"]

1. e4 c5 2. c3 Nf6 3. e5 Nd5 4. d4 cxd4 5. Nf3 Nc6 6. Bc4 Nb6 7. Bb3 d6 8. exd6
Qxd6 9. O-O Be6 10. Bxe6 Qxe6 11. Nxd4 Nxd4 12. Qxd4 Rd8 13. Qb4 h5 14. a4 h4
15. h3 Rh5 16. Na3 Qd7 17. a5 Nd5 18. Qg4 Qxg4 19. hxg4 Re5 20. c4 Nb4 21. Nb5
e6 22. Nxa7 Re4 23. b3 Rxg4 24. Nb5 Rd3 25. Rb1 Bc5 26. Kh2 Nc6 27. a6 bxa6 28.
Nc7+ Kd7 29. Nxa6 Bd6+ 30. Kh1 Nd4 31. c5 Be5 32. b4 h3 33. g3 Ne2 34. Bb2 Bxg3
35. fxg3 Nxg3+ 36. Kg1 Nxf1+ 37. Kxf1 h2 38. Ke2 Rg1 39. c6+ Kxc6 40. b5+ Kb6
41. Rxg1 hxg1=Q 42. Kxd3 Kxb5 0-1

[Event "IX Torneo Leonardo di Bona A"]
[Site "Cutro ITA"]
[Date "2003.04.23"]
[Round "1"]
[White "Voiska, Margarita"]
[Black "Palac, Mladen"]
[Result "0-1"]
[WhiteElo "2354"]
[BlackElo "2587"]
[PlyCount "66"]
[EventDate "2003.04.23"]

1. c4 e5 2. g3 Nf6 3. Bg2 d5 4. cxd5 Nxd5 5. Nf3 Nc6 6. O-O Nb6 7. d3 Be7 8. b3
Bf6 9. e4 Bg4 10. Bb2 Qd7 11. Qd2 Rd8 12. Ne1 O-O 13. Nc3 Rfe8 14. Rc1 Be7 15.
Nd5 Bf8 16. Nc2 Be6 17. Nce3 Bxd5 18. Nxd5 Nxd5 19. exd5 Nb4 20. Rfe1 Nxd5 21.
Rxe5 Rxe5 22. Bxe5 c6 23. Rc4 c5 24. a3 b5 25. Rc1 Nb6 26. Qf4 Qxd3 27. Be4 Qd2
28. Qh4 Qxc1+ 29. Kg2 Qh6 30. Qxd8 Qe6 31. f4 f6 32. Bxh7+ Kxh7 33. Qxf8 fxe5
0-1

[Event "IX Torneo Leonardo di Bona A"]
[Site "Cutro ITA"]
[Date "2003.04.23"]
[Round "1"]
[White "Zelcic, Robert"]
[Black "Isonzo, David"]
[Result "1-0"]
[WhiteElo "2540"]
[BlackElo "2340"]
[PlyCount "69"]
[EventDate "2003.04.23"]

1. e4 c5 2. Nf3 Nc6 3. d4 cxd4 4. Nxd4 e5 5. Nb5 a6 6. Nd6+ Bxd6 7. Qxd6 Qf6 8.
Qc7 Nge7 9. Nc3 Nb4 10. Bd3 O-O 11. O-O d5 12. f4 Nxd3 13. cxd3 d4 14. Na4 Nc6
15. Nb6 Rb8 16. fxe5 Qd8 17. Qxd8 Rxd8 18. Bf4 Be6 19. a3 Re8 20. Rac1 Rbd8 21.
h3 Bb3 22. Bg5 Rb8 23. Nd7 Rbc8 24. Nc5 Na5 25. Bd2 b6 26. Nd7 Rc2 27. Bxa5
bxa5 28. Nc5 Rxb2 29. Rf2 Rxf2 30. Kxf2 Ba2 31. Nxa6 h6 32. Rc5 Re6 33. Rxa5
Bb1 34. Nb4 Re8 35. Rc5 1-0

[Event "IX Torneo Leonardo di Bona A"]
[Site "Cutro ITA"]
[Date "2003.04.24"]
[Round "2"]
[White "Andonov, Bogomil"]
[Black "Voiska, Margarita"]
[Result "1-0"]
[WhiteElo "2290"]
[BlackElo "2354"]
[PlyCount "61"]
[EventDate "2003.04.23"]

1. Nf3 d5 2. c4 c6 3. cxd5 cxd5 4. d4 Nf6 5. Nc3 a6 6. Bf4 Nc6 7. Rc1 Ne4 8. a3
g6 9. Ne5 Nxc3 10. Rxc3 Nxe5 11. Bxe5 f6 12. Bc7 Qd7 13. h4 Bg7 14. h5 O-O 15.
hxg6 hxg6 16. Bg3 Qe8 17. Qb3 Qf7 18. e3 e5 19. Bd3 Be6 20. Qb6 e4 21. Rc7 Qe8
22. Qxb7 Rf7 23. Rxf7 Bxf7 24. Bxa6 Be6 25. O-O Rc8 26. Qb5 Qxb5 27. Bxb5 Bf8
28. Rb1 Kf7 29. b4 Ke7 30. a4 Bd7 31. Ba6 1-0

[Event "IX Torneo Leonardo di Bona A"]
[Site "Cutro ITA"]
[Date "2003.04.24"]
[Round "2"]
[White "Calzetta Ruiz, Monica"]
[Black "Zelcic, Robert"]
[Result "0-1"]
[WhiteElo "2253"]
[BlackElo "2540"]
[PlyCount "76"]
[EventDate "2003.04.23"]

1. e4 c6 2. d4 d5 3. exd5 cxd5 4. c4 Nf6 5. Nc3 g6 6. cxd5 Nxd5 7. Nf3 Bg7 8.
Bb5+ Bd7 9. Qb3 Nb6 10. Ne5 O-O 11. Nxd7 N8xd7 12. O-O Nf6 13. Be3 Nbd5 14. Bd2
Nc7 15. Be2 Ne6 16. Qxb7 Nxd4 17. Rad1 Rb8 18. Qxa7 Rxb2 19. Bc1 Qb6 20. Qxb6
Nxe2+ 21. Nxe2 Rxb6 22. f3 Rc8 23. Nf4 e6 24. h4 h6 25. Rfe1 Ra6 26. Re2 Ra4
27. g3 Rca8 28. a3 Bf8 29. Bb2 Be7 30. Kg2 R4a7 31. Rc2 g5 32. hxg5 hxg5 33.
Nd3 Rd8 34. Nf2 Nd5 35. Bc1 Kg7 36. Rd3 Rda8 37. Rb3 Kg6 38. Ne4 Bxa3 0-1

[Event "IX Torneo Leonardo di Bona A"]
[Site "Cutro ITA"]
[Date "2003.04.24"]
[Round "2"]
[White "Estremera Panos, Sergio"]
[Black "Abatino, Maurizio"]
[Result "1/2-1/2"]
[WhiteElo "2370"]
[BlackElo "2228"]
[PlyCount "106"]
[EventDate "2003.04.23"]

1. d4 Nf6 2. c4 e6 3. Nc3 Bb4 4. e3 O-O 5. Bd3 d5 6. Nge2 Re8 7. O-O c6 8. Qc2
Nbd7 9. Bd2 Nf8 10. a3 Bd6 11. c5 Bc7 12. f4 Ng4 13. b4 f6 14. h3 Nh6 15. e4
dxe4 16. Bxe4 Nf7 17. Rad1 f5 18. Bf3 Ng6 19. g3 Ne7 20. Rfe1 Nd5 21. Nxd5 exd5
22. Nc1 Re4 23. Be3 Qf6 24. Nd3 Bd7 25. Ne5 Nxe5 26. fxe5 Qg6 27. Bxe4 fxe4 28.
Kh2 Qh5 29. Qg2 Bg4 30. Rb1 Bf3 31. g4 Qg6 32. Qg3 a6 33. Rf1 Rf8 34. Rf2 Bd8
35. Rbf1 h6 36. Rxf3 exf3 37. Rxf3 Rxf3 38. Qxf3 Qd3 39. Kg2 Qxa3 40. e6 Bf6
41. h4 Qd3 42. g5 hxg5 43. hxg5 Qg6 44. Qf4 Be7 45. Qb8+ Kh7 46. Qh2+ Kg8 47.
Qb8+ Kh7 48. Qe5 Qd3 49. Qf4 Qg6 50. Qg4 Kg8 51. Kg3 Bd8 52. Kf3 Be7 53. Kg3
Bd8 1/2-1/2

[Event "IX Torneo Leonardo di Bona A"]
[Site "Cutro ITA"]
[Date "2003.04.24"]
[Round "2"]
[White "Genov, Petar"]
[Black "Khenkin, Igor"]
[Result "1/2-1/2"]
[WhiteElo "2490"]
[BlackElo "2644"]
[PlyCount "28"]
[EventDate "2003.04.23"]

1. d4 Nf6 2. c4 g6 3. Nc3 d5 4. cxd5 Nxd5 5. e4 Nxc3 6. bxc3 Bg7 7. Bc4 c5 8.
Ne2 O-O 9. Be3 Nc6 10. O-O Bd7 11. Rc1 Rc8 12. Qd2 Qa5 13. Rfd1 b5 14. dxc5
bxc4 1/2-1/2

[Event "IX Torneo Leonardo di Bona A"]
[Site "Cutro ITA"]
[Date "2003.04.24"]
[Round "2"]
[White "Georgieva, Liubka"]
[Black "Collas, Didier"]
[Result "1/2-1/2"]
[WhiteElo "2238"]
[BlackElo "2424"]
[PlyCount "142"]
[EventDate "2003.04.23"]

1. e4 c5 2. Nf3 e6 3. d3 Nc6 4. g3 d5 5. Qe2 Nf6 6. Bg2 g6 7. e5 Nd7 8. O-O Bg7
9. Bf4 h6 10. h4 Nd4 11. Nxd4 cxd4 12. Re1 g5 13. hxg5 hxg5 14. Qg4 Rg8 15.
Bxg5 Nxe5 16. Qh5 Qd7 17. f4 Rh8 18. Qe2 f6 19. Bh4 Ng6 20. Qf2 Nxh4 21. gxh4
f5 22. Nd2 Bf6 23. Rxe6+ Qxe6 24. Re1 Rxh4 25. Bxd5 Kf7 26. Qf3 Be7 27. Nb3 Kf6
28. Bxe6 Bxe6 29. Rxe6+ Kxe6 30. Nxd4+ Kf6 31. Qd5 Rg8+ 32. Qxg8 Rg4+ 33. Qxg4
fxg4 34. Kg2 Bc5 35. c3 Kg6 36. Kg3 Kh5 37. Ne6 Be7 38. Ng7+ Kg6 39. Ne6 Kh5
40. d4 Bh4+ 41. Kg2 Kg6 42. Nc5 b6 43. Nd3 Kf5 44. Ne5 Ke4 45. Nxg4 Kxf4 46.
Ne5 Ke3 47. Nc6 Kd2 48. Nxa7 Kc2 49. Kf3 Kxb2 50. Nb5 Kxa2 51. Ke4 Kb3 52. Kd5
Bd8 53. Kd6 Kc4 54. Kc6 Bh4 55. Kxb6 Be1 56. Kc6 Bxc3 57. d5 Bb4 58. Nd6+ Kd4
59. Nf5+ Ke4 60. Ng3+ Kd4 61. Ne2+ Kc4 62. Nf4 Kd4 63. Ne6+ Kc4 64. Nc7 Kd4 65.
Na6 Ba3 66. Nb8 Bb4 67. Nd7 Ba3 68. Nb6 Bb4 69. Kb5 Bc5 70. Kc6 Bxb6 71. d6 Ba5
1/2-1/2

[Event "IX Torneo Leonardo di Bona A"]
[Site "Cutro ITA"]
[Date "2003.04.24"]
[Round "2"]
[White "Isonzo, David"]
[Black "Janev, Evgeni"]
[Result "0-1"]
[WhiteElo "2340"]
[BlackElo "2456"]
[PlyCount "55"]
[EventDate "2003.04.23"]

1. e4 Nf6 2. e5 Nd5 3. d4 d6 4. c4 Nb6 5. exd6 exd6 6. Nc3 Be7 7. Qf3 O-O 8.
Be3 Nc6 9. O-O-O Be6 10. c5 Nd7 11. Nh3 Nf6 12. Qg3 Nb4 13. Nf4 Bxa2 14. Nxa2
Nxa2+ 15. Kb1 Nb4 16. h4 Qd7 17. h5 Qa4 18. Bd3 dxc5 19. h6 g6 20. Bf5 Qa2+ 21.
Kc1 Qa1+ 22. Bb1 Ne4 23. Nxg6 Nxg3 24. Nxe7+ Kh8 25. fxg3 Rae8 26. dxc5 Rxe7
27. Bd4+ Kg8 28. Bf6 0-1

[Event "IX Torneo Leonardo di Bona A"]
[Site "Cutro ITA"]
[Date "2003.04.24"]
[Round "2"]
[White "Ivanov, Jordan"]
[Black "Aleksieva, Silvia"]
[Result "0-1"]
[WhiteElo "2432"]
[BlackElo "2348"]
[PlyCount "56"]
[EventDate "2003.04.23"]

1. d4 Nf6 2. c4 e6 3. Nc3 Bb4 4. Nf3 O-O 5. g3 b6 6. Bg2 Ba6 7. Ne5 c6 8. O-O
Qe8 9. Qa4 Be7 10. d5 exd5 11. cxd5 b5 12. Qa5 Bd8 13. Qa3 c5 14. Nd3 b4 15.
Nxb4 cxb4 16. Qxb4 Bb6 17. Bf4 Qd8 18. Rfe1 Bb7 19. Bd6 Re8 20. e4 Na6 21. Qa3
Ng4 22. Re2 Qf6 23. Rf1 Rac8 24. e5 Qf5 25. Bh3 Qh5 26. Kg2 Nxe5 27. Rfe1 g6
28. Qb3 Rxc3 0-1

[Event "IX Torneo Leonardo di Bona A"]
[Site "Cutro ITA"]
[Date "2003.04.24"]
[Round "2"]
[White "Korneev, Oleg"]
[Black "Sautto, Alessandra"]
[Result "1-0"]
[WhiteElo "2606"]
[BlackElo "1993"]
[PlyCount "47"]
[EventDate "2003.04.23"]

1. e4 e6 2. d4 d5 3. Nd2 Be7 4. e5 f5 5. exf6 Nxf6 6. Ngf3 O-O 7. Bd3 c5 8. c3
Nc6 9. O-O Qc7 10. Re1 Bd6 11. h3 e5 12. dxe5 Nxe5 13. Nxe5 Bxe5 14. Nf3 Bf4
15. Bxf4 Qxf4 16. Qc1 Nh5 17. Re5 Qxc1+ 18. Rxc1 Nf4 19. Bc2 Nxh3+ 20. gxh3
Rxf3 21. Re8+ Kf7 22. Rce1 h6 23. R1e7+ Kf6 24. Rc7 1-0

[Event "IX Torneo Leonardo di Bona A"]
[Site "Cutro ITA"]
[Date "2003.04.24"]
[Round "2"]
[White "Miladinovic, Igor"]
[Black "Bondielli, Giorgio"]
[Result "1-0"]
[WhiteElo "2533"]
[BlackElo "2009"]
[PlyCount "67"]
[EventDate "2003.04.23"]

1. d4 f5 2. h3 Nf6 3. g4 d6 4. Bg2 e6 5. c4 Be7 6. Nc3 Nc6 7. gxf5 exf5 8. Bf4
Bd7 9. e3 O-O 10. Nge2 Nh5 11. h4 Nxf4 12. Nxf4 Qe8 13. Qe2 Nd8 14. Ncd5 Rc8
15. Nxe7+ Qxe7 16. Bd5+ Be6 17. Nxe6 Nxe6 18. Bxb7 Rce8 19. O-O-O Qd7 20. Bf3
Qa4 21. Kb1 Kh8 22. h5 h6 23. Rhg1 Ng5 24. b3 Rb8 25. Bd5 c6 26. Bh1 Ne4 27.
Qb2 Qa6 28. Bxe4 fxe4 29. Rg6 Rf6 30. Rxf6 gxf6 31. d5 Rf8 32. dxc6 Qxc6 33.
Qd4 Qc5 34. Qxd6 1-0

[Event "IX Torneo Leonardo di Bona A"]
[Site "Cutro ITA"]
[Date "2003.04.24"]
[Round "2"]
[White "Mrdja, Milan"]
[Black "Blasco, Domenico"]
[Result "1/2-1/2"]
[WhiteElo "2353"]
[BlackElo "2053"]
[PlyCount "26"]
[EventDate "2003.04.23"]

1. e4 Nf6 2. d3 e5 3. Nf3 Nc6 4. Be2 d5 5. Nbd2 dxe4 6. Nxe4 Nxe4 7. dxe4 Qxd1+
8. Bxd1 Be7 9. c3 Bg4 10. Nd2 Bxd1 11. Kxd1 O-O 12. Nc4 Rfd8+ 13. Ke2 f6
1/2-1/2

[Event "IX Torneo Leonardo di Bona A"]
[Site "Cutro ITA"]
[Date "2003.04.24"]
[Round "2"]
[White "Naumkin, Igor"]
[Black "Trabert, Bettina"]
[Result "1/2-1/2"]
[WhiteElo "2431"]
[BlackElo "2292"]
[PlyCount "33"]
[EventDate "2003.04.23"]

1. d4 d5 2. c4 e6 3. Nf3 c6 4. Qc2 dxc4 5. Qxc4 Nf6 6. g3 b5 7. Qc2 Bb7 8. Bg2
Nbd7 9. O-O c5 10. Nbd2 Rc8 11. Qb1 Be7 12. b3 O-O 13. Bb2 h6 14. a4 a6 15.
axb5 axb5 16. e4 cxd4 17. Nxd4 1/2-1/2